| 000 | 00623nam a22002297a 4500 | ||
|---|---|---|---|
| 005 | 20170124110024.0 | ||
| 010 | _a464791 | ||
| 020 | _c00.00 | ||
| 035 | _a464791 | ||
| 037 | _bCen Lib/Ret | ||
| 040 |
_aDPL _bEN |
||
| 082 |
_a509 _bRON |
||
| 100 |
_aRonan, Colin A. _920250 |
||
| 245 |
_aThe ages of science / _cby Colin A. Ronan |
||
| 260 |
_aLondon _bGoerge G. Harrap & Co.Ltd. _c1966 |
||
| 270 |
_a182, High Holborn _bLondon _eW.C.1 |
||
| 300 |
_a271p. : _c20cm(Hb) _bill. |
||
| 500 | _aIncludes index. | ||
| 650 |
_aScience _910795 |
||
| 650 |
_aScience _910795 |
||
| 942 |
_2ddc _cEN _h509 _mRON |
||
| 999 |
_c127354 _d127354 |
||